00695nam a2200241 a 4500001001300000003000900013005001700022008004100039020001000080082001500090100001900105245003900124260003800163300000900201500003500210505001000245650003700255700001900292902000800311942000700319952011000326999001700436nice12345678IN_TiNIC20260116015216.0050524s1968 lona grp 000 0 eng  ac10000a261.2bCRA aCragg, Kenneth aChristianity in World Perspective. aLondon bLutterworth Press c1968 a226p aincludes index and biblioraphy2 aIndex aChristianity and Other Religions1 aCragg, Kenneth bSRS cBK 00104070aHMIbHMId2007-07-10g100.00l4o261.2 CRAp11001165r2024-07-02s2024-05-02w2026-01-16yEB c18769d18769